Unidade 6.6 - Statistics

Estatísticas Gerais
  • Esse quiz foi jogado 16 vezes
    12 desde o último reset
  • A pontuação média é 16 de 30
Estatísticas das Respostas
Hint Resposta % Correto
A2 Centro de Hidrografia da Marinha (CHM)
86%
A3 Grupo de Navios Hidroceanográficos (GNHo)
86%
C1 Navio de Apoio Oceanográfico Ary Rongel (NApOc Ary Rongel)
86%
A1 Base de Hidrografia da Marinha em Niterói (BHMN)
71%
A4 Centro de Reparos e Sinalização Náutica Almirante Moraes Rego (CAMR)
71%
C5 Navio de Pesquisa Hidroceanográfico Vital de Oliveira (NPqHo Vital de Oliveira)
71%
C7 Navio Hidroceanográfico Taurus (NHo Taurus)
71%
C2 Navio Oceanográfico Antares (NOc Antares)
71%
C9 Navio Polar Almirante Maximiano (NPo Maximiano)
71%
E1 Aviso de Instrução Aspirante Nascimento (AvIn Asp Nascimento)
57%
E3 Aviso de Instrução Guarda-Marinha Brito (AvIn GM Brito)
57%
E2 Aviso de Instrução Guarda-Marinha Jansen (AvIn GM Jansen)
57%
C6 Aviso de Pesquisa Hidroceanográfico Aspirante Moura (AvPqHo Aspirante Moura)
57%
D1 Centro de Hidrografia e Navegação (CHN) (4º, 6º e 9º distritos)
57%
A5 Centro de Instrução e Adestramento Almirante Rader de Aquino (CIAARA)
57%
B2 Levantamento da plataforma continental / Pesquisas oceanográficas
57%
C4 Navio Faroleiro Hidroceanográfico Graça Aranha (NFHo Graça Aranha)
57%
C3 Navio Hidroceanográfico Cruzeiro do Sul (NHo Cruzeiro do Sul)
57%
D2 Serviços de Sinalização Náutica (SSN) (2º, 3º, 5º e 8º distritos)
57%
Tripulação(homens/aspirantes) 16 homens/18 aspirantes
43%
Sensores(Cite apenas 1) 1 radar furuno / ecobatímetro / radiogoniômetro / agulhas giroscópicas e magnéticas / odômetro de fundo e equipamento de derrota estimada
43%
Veloc. Máx. 9,5 nós
43%
B3 Levantamento hidrográfico da costa brasileira / Manutenção da sinalização náutica na costa brasileira
43%
C8 Navio Hidroceanográfico Amorim do Valle (NHo Amorim do Valle)
43%
Deslocamento 153 toneladas
29%
Raio de ação 200 milhas
29%
Armamento 2 metralhadoras
29%
Propulsão 2 motores diesel / 2 HPF
29%
B1 Apoiar a Estação Antártica Comandante Ferraz (EACF)
29%
Equipamentos Câmara específica para instrução
29%
Nenhum quiz correspondente encontrado
Distribuição das Pontuações
Porcentagem de Pessoas com Cada Pontuação
Percentil de Números Respondidos
Sua Pontuação Histórica
Você não jogou esse quiz desde o último reset